Spell the Capital of Palau - Statistics

General Stats
  • This quiz has been taken 179 times
  • The average score is 8 of 9
Answer Stats
Capital % Correct
N
100%
g
94%
e
93%
r
90%
u
80%
l
78%
m
75%
u
75%
d
74%
No matching quizzes found
Score Distribution
Percent of People with Each Score
Percentile by Number Answered
Your Score History
You have not taken this quiz